[Event "BCF-ch Seniors 65"]
[Site "Coventry"]
[Date "2015.07.29"]
[Round "3"]
[White "Nicolson, Jim R"]
[Black "Hutchinson, Norman A"]
[Result "0-1"]
[WhiteElo "1898"]
[BlackElo "2059"]
[PlyCount "26"]
[EventDate "2015.07.27"]
[EventType "swiss"]
[EventRounds "6"]
[EventCountry "ENG"]
[SourceTitle "CBM 167 Extra"]
[Source "ChessBase"]
[SourceDate "2015.09.14"]
[SourceVersion "1"]
[SourceVersionDate "2015.09.14"]
[SourceQuality "1"]

1. c4 Nf6 2. Nc3 e6 3. g3 d5 4. d4 b6 5. Bg2 Bb7 6. Nf3 Nbd7 7. b3 Bb4 8. Bd2 dxc4 9. bxc4 0-0 10. 0-0 c5 11. e3 Rc8 12. Qb3 Ba5 13. Nb5 Bxf3 0-1

[Event "BCF-ch Seniors"]
[Site "Aberystwyth"]
[Date "2014.08.01"]
[Round "7"]
[White "Nicolson, Jim R"]
[Black "Campbell, Ian"]
[Result "1/2-1/2"]
[WhiteElo "1890"]
[BlackElo "2001"]
[PlyCount "23"]
[EventDate "2014.07.26"]
[EventType "swiss"]
[EventRounds "7"]
[EventCountry "WLS"]
[SourceTitle "EXT 2017"]
[Source "ChessBase"]
[SourceDate "2016.10.25"]
[SourceVersion "1"]
[SourceVersionDate "2016.10.25"]
[SourceQuality "1"]

1. c4 e5 2. Nc3 Nc6 3. Nf3 g6 4. g3 Bg7 5. Bg2 d6 6. 0-0 f5 7. d3 Nf6 8. e4 0-0 9. Nd5 h6 10. Nh4 Kh7 11. exf5 gxf5 12. f4 1/2-1/2

[Event "BCF-ch Senior"]
[Site "Torquay"]
[Date "2013.08.07"]
[Round "5.79"]
[White "Phillips, William"]
[Black "Nicolson, Jim R"]
[Result "1/2-1/2"]
[WhiteElo "1932"]
[BlackElo "1915"]
[PlyCount "45"]
[EventDate "2013.08.03"]
[EventType "swiss"]
[EventRounds "7"]
[EventCountry "ENG"]
[SourceTitle "EXT 2023"]
[Source "ChessBase"]
[SourceDate "2022.10.05"]
[SourceVersion "1"]
[SourceVersionDate "2022.10.05"]
[SourceQuality "1"]

1. e4 c5 2. Nf3 Nf6 3. e5 Nd5 4. c3 Nc6 5. d4 cxd4 6. Bc4 Nb6 7. Bb3 d6 8. exd6 Qxd6 9. 0-0 e6 10. cxd4 Be7 11. Nc3 0-0 12. Ne4 Qd8 13. Bf4 Nd5 14. Bg3 f5 15. Nc5 f4 16. Qe2 Bxc5 17. dxc5 fxg3 18. hxg3 Qf6 19. Rac1 Bd7 20. Rfd1 Nce7 21. Rd4 Rae8 22. Rcd1 a6 23. a4 1/2-1/2

[Event "BCF-ch Senior"]
[Site "Torquay"]
[Date "2013.08.04"]
[Round "2.78"]
[White "Nicolson, Jim R"]
[Black "James, Geoffrey H"]
[Result "0-1"]
[WhiteElo "1915"]
[BlackElo "2191"]
[PlyCount "72"]
[EventDate "2013.08.03"]
[EventType "swiss"]
[EventRounds "7"]
[EventCountry "ENG"]
[SourceTitle "EXT 2023"]
[Source "ChessBase"]
[SourceDate "2022.10.05"]
[SourceVersion "1"]
[SourceVersionDate "2022.10.05"]
[SourceQuality "1"]

1. c4 e5 2. Nc3 Nf6 3. Nf3 Nc6 4. g3 Bb4 5. Bg2 0-0 6. 0-0 Re8 7. d3 Bxc3 8. bxc3 h6 9. e4 d6 10. h3 Ne7 11. Be3 c5 12. Qd2 Kh7 13. Nh2 g5 14. f4 gxf4 15. gxf4 exf4 16. Bxf4 Rg8 17. Kh1 Nh5 18. Rf3 Ng6 19. Bxh6 Ne5 20. Raf1 Be6 21. Bf4 Nxf3 22. Nxf3 Ng3+ 23. Bxg3 Rxg3 24. Qf4 Rg7 25. Nh4 Qg5 26. Qxg5 Rxg5 27. Nf5 Rag8 28. Rf2 Bxf5 29. exf5 f6 30. Bxb7 Rg3 31. Be4 Rxh3+ 32. Rh2 Rxh2+ 33. Kxh2 Kh6 34. Kh3 Rg1 35. d4 Kg5 36. dxc5 dxc5 0-1

[Event "BCF-ch Senior"]
[Site "North Shields"]
[Date "2012.08.01"]
[Round "5.10"]
[White "White, Alastair F"]
[Black "Nicolson, Jim R"]
[Result "1-0"]
[WhiteElo "2090"]
[BlackElo "1934"]
[PlyCount "85"]
[EventDate "2012.07.28"]
[EventType "swiss"]
[EventRounds "7"]
[EventCountry "ENG"]
[SourceTitle "EXT 2023"]
[Source "ChessBase"]
[SourceDate "2022.10.05"]
[SourceVersion "1"]
[SourceVersionDate "2022.10.05"]
[SourceQuality "1"]

1. e4 c5 2. Nf3 Nf6 3. e5 Nd5 4. Nc3 e6 5. Nxd5 exd5 6. d4 Nc6 7. dxc5 Bxc5 8. Qxd5 Qb6 9. Bc4 Bxf2+ 10. Ke2 0-0 11. Rf1 Bc5 12. Ng5 Nd4+ 13. Kd1 Ne6 14. Ne4 d6 15. exd6 Rd8 16. Bd3 Bxd6 17. Nxd6 Qxd6 18. Qf5 Nf8 19. Qxf7+ Kh8 20. Qf4 Qxf4 21. Rxf4 Ne6 22. Rh4 Nc5 23. Ke2 Nxd3 24. cxd3 Bf5 25. d4 Rac8 26. Rf4 Bg6 27. Kf3 Rf8 28. Rxf8+ Rxf8+ 29. Bf4 Be8 30. Ke4 Bc6+ 31. d5 Bxd5+ 32. Kxd5 Rxf4 33. Rc1 h5 34. Rc2 Rf6 35. a3 Rb6 36. b4 Kg8 37. Rc5 Kf7 38. Kc4 g6 39. a4 Ke7 40. Rc7+ Kd6 41. Rg7 Ke5 42. a5 Rc6+ 43. Kb3 1-0

[Event "Beacon Seniors op 60+"]
[Site "Exmouth"]
[Date "2005.11.18"]
[Round "5"]
[White "Deakin, Clive"]
[Black "Nicolson, Jim R"]
[Result "1/2-1/2"]
[WhiteElo "1448"]
[BlackElo "1672"]
[PlyCount "48"]
[EventDate "2005.11.14"]
[EventType "swiss"]
[EventRounds "5"]
[EventCountry "ENG"]
[SourceTitle "EXT 2007"]
[Source "ChessBase"]
[SourceDate "2006.11.23"]
[SourceVersion "1"]
[SourceVersionDate "2006.11.23"]
[SourceQuality "1"]

1. e4 c5 2. Nf3 Nf6 3. d3 d6 4. Be2 g6 5. 0-0 Bg7 6. Re1 Nc6 7. c3 0-0 8. h3 e5 9. Nbd2 h6 10. Nc4 Be6 11. Ne3 Qd7 12. Bf1 Nh5 13. Kh2 Nf4 14. Ng1 g5 15. g3 Ng6 16. Be2 f5 17. exf5 Bxf5 18. Rf1 Be6 19. Bg4 Rae8 20. Bxe6+ Rxe6 21. Nd5 Nce7 22. Nxe7+ Qxe7 23. Qb3 Kh7 24. Be3 b6 1/2-1/2

[Event "Beacon Seniors op 60+"]
[Site "Exmouth"]
[Date "2005.11.17"]
[Round "4"]
[White "Nicolson, Jim R"]
[Black "Gardiner, Colin J"]
[Result "1-0"]
[WhiteElo "1672"]
[BlackElo "1536"]
[PlyCount "93"]
[EventDate "2005.11.14"]
[EventType "swiss"]
[EventRounds "5"]
[EventCountry "ENG"]
[SourceTitle "EXT 2007"]
[Source "ChessBase"]
[SourceDate "2006.11.23"]
[SourceVersion "1"]
[SourceVersionDate "2006.11.23"]
[SourceQuality "1"]

1. c4 c5 2. g3 Nc6 3. Bg2 d6 4. Nc3 Bd7 5. Nf3 Nf6 6. 0-0 Rb8 7. d4 cxd4 8. Nxd4 e5 9. Ndb5 Be6 10. Nd5 Bxd5 11. cxd5 Ne7 12. Qa4 Nexd5 13. Nc7+ Ke7 14. Nxd5+ Nxd5 15. Bxd5 a6 16. Bg5+ f6 17. Qg4 Qd7 18. Qxd7+ Kxd7 19. Be3 b5 20. Rac1 Be7 21. Rc6 Rhc8 22. Rfc1 Rxc6 23. Rxc6 f5 24. Bb6 g6 25. Rc7+ Ke8 26. Be6 d5 27. Rc8+ Rxc8 28. Bxc8 b4 29. Bxa6 d4 30. Kf1 Bd6 31. Ke1 Ke7 32. Kd2 g5 33. Kd3 h5 34. Kc4 Ke6 35. Bc5 b3 36. axb3 Bc7 37. Bc8+ Kf6 38. Kd5 f4 39. gxf4 gxf4 40. f3 Kg5 41. Bd6 Bb6 42. Kxe5 d3 43. exd3 Be3 44. b4 Bc1 45. b3 Bb2+ 46. d4 Bc3 47. b5 1-0

[Event "Beacon Seniors op 60+"]
[Site "Exmouth"]
[Date "2005.11.16"]
[Round "3"]
[White "Morris, John R"]
[Black "Nicolson, Jim R"]
[Result "0-1"]
[WhiteElo "1456"]
[BlackElo "1672"]
[PlyCount "38"]
[EventDate "2005.11.14"]
[EventType "swiss"]
[EventRounds "5"]
[EventCountry "ENG"]
[SourceTitle "EXT 2007"]
[Source "ChessBase"]
[SourceDate "2006.11.23"]
[SourceVersion "1"]
[SourceVersionDate "2006.11.23"]
[SourceQuality "1"]

1. e4 c5 2. Nc3 Nc6 3. Nf3 e5 4. a3 d6 5. Bc4 Be6 6. Bxe6 fxe6 7. d3 Nf6 8. 0-0 Be7 9. Ng5 Qd7 10. f4 0-0 11. f5 exf5 12. Rxf5 Nd4 13. Rf1 Ng4 14. Nd5 Rxf1+ 15. Qxf1 Rf8 16. Nf3 Bh4 17. Qd1 Nf2 18. Qf1 Rxf3 19. g3 Nh3+ 0-1